000 00522nam a22001817a 4500
003 OSt
005 20260126044157.0
008 260110b |||||||| |||| 00| 0 eng d
020 _a0-13-018495-0
040 _aDWC-Main Lib.
_cOC
082 _28th ed.
_aCirc. 301 M199s 2001
100 _aMacionis, John J.
245 _aSociology/
_cJohn J. Macionis
250 _a8th ed.
260 _aNJ :
_bPrentice Hall,
_cc2001.
300 _axxxiii, 701 p. : .
_bcol. ill. :
_c27 cm.
942 _2ddc
_cBK-CIRC
_e8th ed.
_hCirc.
_n0
999 _c7241
_d7241